000 01044nam a22003377a 4500
003 CHAP
005 20220817044411.0
008 101123d1906 fr r 00010 fre d
010 _a99926
011 _a100898
035 _a111584
040 _cCHAP
082 1 4 _a633.55
_bW34
100 0 0 _aWatt, George.
_9121220
245 1 3 _aLa ramie et ses analogues aux indes anglaises
_c/por George Watt
260 _aParis :
_bChallamel,
_c1906
300 _a123 p.
490 _aBibliothéque D' Agriculture Coloniale
590 _aBATCH-UPD
_b10
_c20130110
_lUCH01
_h1023
590 _aBATCH-UPD
_b10
_c20130410
_lUCH01
_h0628
590 _aBATCH-UPD
_b10
_c20130914
_lUCH01
_h0625
590 _aCONVERSION
_b10
_c20130109
_lUCH01
_h1355
650 1 4 _aBotánica económica
_xIndia.
_914667
650 1 4 _aFibras vegetales.
_940703
650 1 4 _aRamio.
_993829
830 0 _aBibliothéque D' Agriculture Coloniale
901 _aBK
911 _aen proceso
942 _cLIBRO
949 _a633.55 W34
_bBC
_cBPA
_d33724002120446
_eBPA
_h113851
_i111584
_sb
999 _c99926
_d99926